Statistics for Capitals of the Middle East

Click here to take the quiz!

General Stats

  • This quiz has been taken 21 times
  • The average score is 13 of 15

Answer Stats

Capitals% Correct
Tehran
100%
Baghdad
95%
Beirut
95%
Amman
90%
Damascus
90%
Jerusalem
90%
Kuwait City
90%
Abu Dhabi
85%
Ankara
85%
Doha
85%
Sana'a
85%
Manama
80%
Muscat
80%
Riyadh
80%
Nicosia
65%

Score Distribution

Percentile by Number Answered

Percent of People with Each Score

Your Score History

You have not taken this quiz